Best Soccer Player From Many States - Statistics

General Stats
  • This quiz has been taken 50 times
    27 since last reset
  • The average score is 14 of 36
Answers on the Map
Answers color-coded by a green-red scale on the quiz's map according to % correct below.
 
Answer Stats
Player Birthplace Team State % Correct
79 Folarin Balogun New York City Monaco New York
95%
75 Djordje Mihailovic Jacksonville Colorado Rapids Florida
76%
79 Christian Pulisic Hershey AC Milan Pennsylvania
67%
66 Bobby Wood Honolulu New England Revolution Hawaii
62%
66 Ray Gaddis Indianapolis - Indiana
62%
73 Tim Ream | Josh Sargent St. Louis | O'Fallon Fulham | Norwich City Missouri
62%
74 Chris Richards Birmingham Crystal Palace Alabama
57%
64 Obed Vargas Anchorage Seattle Sounders FC Alaska
57%
68 Richard Ledezma | Brooks Lennon Phoenix | Paradise Valley PSV | Atlanta United Arizona
57%
68 Tristan Blackmon Las Vegas Vancouver Whitecaps FC Nevada
57%
67 Marco Farfan Portland FC Dallas Oregon
57%
70 Matt Polster Milwaukee New England Revolution Wisconsin
57%
68 Andrew Farrell Louisville New England Revolution Kentucky
48%
64 Brent Kallman Omaha Nashville SC Nebraska
48%
72 DeJuan Jones Lansing New England Revolution Michigan
43%
64 Luis Barraza Las Cruces New York City FC New Mexico
38%
72 Gianluca Busio Greensboro Venezia North Carolina
38%
77 Matt Turner Park Ridge Nottingham Forest New Jersey
33%
72 Kellyn Acosta | Keaton Parks Plano Chicago Fire | New York City FC Texas
33%
69 Kevin Paredes | Eryk Williamson South Riding | Alexandria VfL Wolfsburg | Portland Timbers Virginia
33%
76 Weston McKennie Fort Lewis Juventus Washington
33%
75 Cristian Roldan Artesia Seattle Sounders FC California
29%
65 Anthony Fontana Newark PEC Zwolle Delaware
29%
76 Walker Zimmerman Lawrenceville Nashville SC Georgia
29%
68 Roman Celentano | Chris Mueller Naperville | Schaumburg FC Cincinnati | Chicago Fire Illinois
29%
72 Ethan Horvath Highlands Ranch Cardiff City Colorado
14%
64 Kortne Ford Olathe Sporting Kansas City II Kansas
14%
62 Wyatt Omsberg Belgrade Chicago Fire Maine
14%
69 Donovan Pines Clarksville Barnsley Maryland
14%
72 Miles Robinson Arlington FC Cincinnati Massachusetts
14%
70 Jackson Yueill Bloomington San Jose Earthquakes Minnesota
14%
71 Daryl Dike Edmond West Bromwich Albion Oklahoma
14%
64 Jonathan Amon Summerville Lyngby South Carolina
14%
63 Andrew Tarbell Mandeville Houston Dynamo Louisiana
10%
71 Erik Palmer-Brown Napoleon Panathinaikos Ohio
10%
69 Taylor Booth Eden Utrecht Utah
10%
No matching quizzes found
Score Distribution
Percent of People with Each Score
Percentile by Number Answered
Your Score History
You have not taken this quiz since the last reset